000
00354nam a2200157Ia 4500
008
151213s9999 xx 000 0 und d
100
_a
C.P.Snow
245
_a
Time Of Hope
_c
C.P.Snow
250
_a
1st
260
_a
Australia
_b
Penguijng Book
_c
1949
300
_a
4336 p.
650
_a
English
650
_a
Story
700
_a
C.P.Snow
999
_c
2750
_d
2750